Loading...

Student's Guide to Income Tax : Including Service Tax, VAT, Excise Duty, Customs Duty, CST, Problems & Solutions

Bibliographic Details
Main Author: Vinod K Singhania
Format: Printed Book
Language:English
Published: Newdelhi Tamann Publications 2015
Edition:12 / Ed.
Subjects:
LEADER 00740nam a22001817a 4500
008 161111b xxu||||| |||| 00| 0 eng d
020 |a 9789350717882 
082 |a 336.2 VIN'15 
100 |a Vinod K Singhania 
245 |a Student's Guide to Income Tax : Including Service Tax, VAT, Excise Duty, Customs Duty, CST, Problems & Solutions  
250 |a 12 / Ed. 
260 |a Newdelhi  |b Tamann Publications  |c 2015 
300 |a 342p. 
500 |a Include Index 
650 |a Income Tax-Service Tax-VAT-Excise Duty-Customs Duty-CST-Problems & Solutions  
942 |2 ddc  |c REF 
999 |c 9685  |d 9685 
952 |0 0  |1 0  |2 ddc  |4 0  |6 336_200000000000000_VIN15  |7 1  |8 REF  |9 13364  |a NUALS  |b NUALS  |c REF  |d 2016-11-11  |g 495.00  |l 0  |o 336.2 VIN'15  |p 12994  |r 2016-12-23  |w 2016-11-11  |y REF